Загрузка...

Anarghanimisham /

Библиографические подробности
Главный автор: Muhammed Basheer, Vaikom
Формат: Printed Book
Язык:Malayalam
Опубликовано: KOttayam: D C books, 2015.
Предметы:
LEADER 00625 a2200169 4500
008 160831b xxu||||| |||| 00| 0 mal d
999 |c 111641  |d 111641 
020 |a 9788171300642 
082 |a 854.396 
100 |a Muhammed Basheer, Vaikom  
245 |a Anarghanimisham /  |c Vaikom Muhammed Basheer  
260 |b D C books,  |c 2015.  |a KOttayam: 
300 |a 72cm.  |c 18cm. 
650 |a Malayalam  |v Essays 
650 |a Muhammed Bhasheer,Vaikom (1908 - 1994) 
942 |2 ddc  |c BK 
952 |0 0  |1 0  |4 0  |6 854_396000000000000_ANA_M  |7 0  |9 116780  |a UL  |b UL  |c ST1  |d 2016-02-05  |e 176  |g 35.00  |l 18  |o 854.396 ANA M  |p 94175  |q 2022-01-14  |r 2021-12-15  |s 2021-12-15  |v 50.00  |y BK